| 000 | 00500 a2200205 4500 | ||
|---|---|---|---|
| 003 | OSt | ||
| 005 | 20220205143542.0 | ||
| 008 | 160627b xxu||||| |||| 00| 0 eng d | ||
| 038 | _awaseem | ||
| 040 | _cJadeed Hakoomtain | ||
| 082 | _a320.3 | ||
| 100 |
_aMuhammad Sarwar _93699 |
||
| 245 | _aJadeed Hakoomtain | ||
| 260 |
_aLahore _bIlmi Kitab Khana _c2005 |
||
| 300 | _a676 p. | ||
| 440 |
_aJadeed Hakoometain _93700 |
||
| 500 | _aPapercover | ||
| 563 | _aPBK. | ||
| 942 |
_cBK _k320.3 SAR _2ddc |
||
| 999 |
_c330717 _d330717 |
||